Alameda County, California Municipalities (Map) (2023) - Statistics

General Stats
  • This quiz has been taken 39 times
    16 since last reset
  • The average score is 33 of 52
Answers on the Map
Answers color-coded by a green-red scale on the quiz's map according to % correct below.
 
Answer Stats
Answer % Correct
Alameda
100%
Alameda
100%
/Carpenter
100%
Dublin
100%
Fremont
100%
Fremont
100%
Hayward
83%
Hayward
83%
Hayward
83%
Hayward
83%
Hayward
83%
Hayward
83%
Hayward
83%
Hayward
83%
Hayward
83%
Hayward
83%
Livermore
83%
Livermore
83%
Livermore
83%
Livermore
83%
Oakland
83%
Oakland
83%
San Leandro
83%
Union City
83%
Union City
83%
Berkeley
67%
Newark
67%
Newark
67%
Pleasanton
67%
Pleasanton
67%
Pleasanton
67%
Pleasanton
67%
Albany
50%
Altamont
50%
Ashland
50%
Emeryville
50%
Mendenhall Springs
50%
Piedmont
50%
San Lorenzo
50%
Castro Valley
33%
Fairview
33%
Fairview
33%
Sunol
33%
Ulmar
33%
Verona
33%
Brightside
17%
Brookshire
17%
Cherryland
17%
Dresser
17%
Kilkare Woods
17%
Russell City
17%
Sorenson
17%
No matching quizzes found
Score Distribution
Percent of People with Each Score
Percentile by Number Answered
Your Score History
You have not taken this quiz since the last reset